000 00340nam a2200145Ia 4500
100 _aRajput/R.K
942 _cBK
366 _f15
654 _afluid mechanics
245 _aTextbook of fluid mechanics and hydraulic machines
260 _bS.Chand and Co.
_aMumbai
_c1998
082 _a532/RAJ
_bRAJ
300 _a1361
546 _aENGLISH
999 _c21316
_d21316